| Tag |
First Indicator |
Second Indicator |
Subfields |
| LEADER |
00000cam a2200000 a 4500 |
| 001 |
in00002156331 |
| 006 |
m e d # |
| 007 |
cr mn mmmmabba |
| 008 |
820625s1800 pau s 000 0 eng d |
| 005 |
20260330213625.9 |
| 035 |
|
|
|z w021429
|
| 035 |
|
|
|a MAAR8206252501B
|
| 035 |
|
|
|9 mwa91-49431
|
| 035 |
|
|
|a 339939
|
| 035 |
|
|
|a aas03021429
|
| 040 |
|
|
|a MWA
|c MWA
|e bdrb
|d UtOrBLW
|
| 100 |
1 |
|
|a Magaw, Samuel,
|d 1735-1812.
|
| 245 |
1 |
3 |
|a An oration commemorative of the virtues and greatness of General Washington :
|b pronounced in the German Lutheran Church, Philadelphia: before the Grand Lodge of Pennsylvania, on the twenty-second day of February, eighteen hundred. /
|c By Samuel Magaw, D.D. ; Published at the request of the Grand Lodge.
|
| 264 |
|
3 |
|a Philadelphia :
|b Printed by J. Ormrod, no. 41, Chesnut-Street,
|c 1800.
|
| 300 |
|
|
|a 45 pages, 1 unnumbered page ;
|c 21 cm. (octavo)
|
| 336 |
|
|
|a text
|b txt
|2 rdacontent
|
| 337 |
|
|
|a computer
|b c
|2 rdamedia
|
| 338 |
|
|
|a online resource
|b cr
|2 rdacarrier
|
| 500 |
|
|
|a "Grand Lodge of Pennsylvania. Grand quarterly communication. Philadelphia, Monday, 3d March, Anno Lucis, 5800."--pages [42]-45.
|
| 510 |
4 |
|
|a Evans
|c 37879
|
| 510 |
4 |
|
|a Stillwell, M.B. Washington eulogies,
|c 159
|
| 530 |
|
|
|a Microform version available in the Readex Early American Imprints series.
|
| 533 |
|
|
|a Electronic text and image data.
|b [Chester, Vt. :
|c Readex, a division of Newsbank, Inc.,
|d 2002-2004.
|e Includes files in TIFF, GIF and PDF formats with inclusion of keyword searchable text.
|f (Early American imprints. First series ; no. 37879).
|
| 500 |
|
|
|a Electronic resource.
|
| 600 |
1 |
0 |
|a Washington, George,
|d 1732-1799
|x Death and burial.
|
| 655 |
|
7 |
|a Funeral sermons
|y 1800.
|2 rbgenr
|
| 710 |
2 |
|
|a Freemasons.
|b Grand Lodge of Pennsylvania.
|
| 752 |
|
|
|a United States
|b Pennsylvania
|d Philadelphia.
|
| 830 |
|
0 |
|a Early American imprints.
|n Series I,
|p Evans (1639-1800) ;
|v no. 37879.
|
| 856 |
4 |
1 |
|u http://proxy.library.tamu.edu/login?url=https://opac.newsbank.com/select/evans/37879
|y Evans Digital Edition
|t 0
|
| 999 |
|
|
|a MARS
|
| 999 |
f |
f |
|s fe5432cd-6212-37f5-a27d-b11f0b77f1b5
|i 49d6caea-6625-3590-80e0-db57745d1661
|t 0
|
| 952 |
f |
f |
|a Texas A&M University
|b College Station
|c Electronic Resources
|s www_evans
|d Available Online
|t 0
|h No information provided
|
| 998 |
f |
f |
|t 0
|l Available Online
|